000 00629nam a2200193Ia 4500
008 130821s xx gs spa
040 _aCo-BoUCM
_bspa
041 0 0 _aspa
092 _aCV 0484
092 _aDVD 0945
110 2 _aBolsa Nacional Agropecuaria de Colombia
245 1 3 _aEl mercado bursátil Agropecuario
_cBolsa Nacional Agropecuaria
260 _a[Lugar desconocido]
_b[Editorial desconocida]
_c[fecha desconocida]
300 _a1 video vhs; 8 minutos
_e1 DVD
650 0 4 _aAgricultura
_98719
650 0 4 _aAgricultura
_zColombia
_98719
650 0 4 _aEconomía
_zColombia
_9174
942 _cMULTIMEDIA
_2LOCAL
_a7
_e1
999 _c44112
_d44112